000 00420nam a2200133Ia 4500
003 GCL
008 140319s9999 xx 000 0 ara d
040 _aGCL /
_cGCL
082 0 4 _a811.9
_bم ا
100 1 _aمجموعة من المتخصصين
245 1 0 _aابحاث الندوة ووقائعها /
_cمجموعة من المتخصصين
300 _a680 ص
490 _aدورة محمود سامى البارودى
_v0
999 _c37915
_d37915